Discapacidad motorica: aspectos psicoevolutivos y educativos

Uloženo v:
Podrobná bibliografie
Hlavní autoři: Gallardo Jauregui, María Víctoria (Autor), Salvador López, María Luisa (Autor)
Médium: Kniha
Jazyk:španělština
Vydáno: Málaga Aljibe 1994
Edice:Colección Educación para la Diversidad
Témata:
Tagy: Přidat tag
Žádné tagy, Buďte první, kdo vytvoří štítek k tomuto záznamu!

MARC

LEADER 00000nam a2200000 a 4500
001 UCR5058
003 CL-VaPUC
008 980320e19940000SP |||||||||||||||||spa|d
082 0 4 |a 371.92  |b GAL  |2 21 
100 0 |a Gallardo Jauregui, María Víctoria  |e author  |9 405721 
700 0 |a Salvador López, María Luisa  |e author  |9 405722 
245 1 0 |a Discapacidad motorica: aspectos psicoevolutivos y educativos 
300 |a 323 p 
942 |c BK 
945 |d 19980320 00:00:00  |a rbrito 
260 |a Málaga  |b Aljibe  |c 1994 
650 0 |a Educación especial  |9 307486 
650 7 |a NIÑOS IMPEDIDOS MENTALMENTE  |2 CL-VaPUC  |9 307488 
650 0 |a Comunicación   |9 257251 
650 0 |a Alimentación  |9 334197 
650 0 |a Vestuario  |9 389590 
650 0 |a Interacción social   |9 307764 
583 |a last modification  |c 19980320 00:00:00  |k Rodrigo Vera 
490 0 |a Colección Educación para la Diversidad 
999 |c 267791  |d 267789 
952 |0 0  |1 0  |4 0  |6 371_920000000000000_GAL_1994  |7 0  |8 R  |9 300474  |a BIBEDU  |b BIBEDU  |c MCIRC  |d 2019-11-20  |i 3404676  |o 371.92 GAL 1994  |p 3404676  |r 2023-01-13  |w 2019-11-20  |y BK_R  |k EPE 
952 |0 0  |1 0  |4 0  |6 371_920000000000000_GAL_1994  |7 0  |8 R  |9 300475  |a BIBEDU  |b BIBEDU  |c MCIRC  |d 2019-11-20  |i 3440125  |o 371.92 GAL 1994  |p 3440125  |r 2023-01-13  |w 2019-11-20  |y BK_R  |k BME